00852nam a2200205 a 4500001001000000005001700010008004100027020001500068050002000083100001800103245022900121260007800350300001900428500005000447504003200497650001900529650005200548653001000600700003600610BRCA_232220190320203747.0100908s2006----mx-#---###---#000-0#spa-# a9689068067 4aRM88b.B75 20061 aBrito, Carlos10aFormulario del maestro de Farmacia don Carlos Brito para la botica que administra y está a su cargo. Hospital General de San Pedro. Puebla, 1849cestudio introductorio, edición y notas de Ana María D. Huerta Jaramillo. aMéxicobApoyo al Desarrollo de Archivos y Bibliotecas de Méxicoc2006 a167 p.c25 cm. aIncluye índice de fórmulas (por número) aBibliografía : p. 161-16314aFarmacología14aBotánica médicayTrabajos anteriores a 19000 aADABI1 aHuerta Jaramillo, Ana María D